Music Quiz

Random Music or Song Quiz

Guess the Foxy Shazam Lyrics 2! Quiz Stats

 Plays Quiz not verified by Sporcle

Challenge
Share
Tweet
Embed
Score 0/272 Timer 15:00
0 Plays Today
% Correct
a
92.8%
the
92.8%
and
92.8%
the
92.8%
the
92.8%
a
92.8%
and
92.8%
a
92.8%
and
92.8%
the
92.8%
a
92.8%
the
92.8%
a
92.8%
and
92.8%
a
92.8%
and
92.8%
a
92.8%
and
92.8%
a
92.8%
and
92.8%
you
88.4%
you
88.4%
you
88.4%
You
88.4%
you
88.4%
you
88.4%
you
88.4%
you
88.4%
you
88.4%
you
88.4%
you
88.4%
you
88.4%
you
88.4%
it
84.1%
it
84.1%
So
81.2%
it's
78.3%
Oh
75.4%
Oh
75.4%
Oh
75.4%
Oh
75.4%
Oh
75.4%
Oh
75.4%
Oh
75.4%
Oh
75.4%
Oh
75.4%
Oh
75.4%
Oh
75.4%
Oh
75.4%
alive
72.5%
yeah
72.5%
I
72.5%
on
72.5%
on
72.5%
I
72.5%
I
72.5%
I
72.5%
I
72.5%
yeah
72.5%
yeah
72.5%
yeah
72.5%
on
72.5%
I
72.5%
on
72.5%
on
72.5%
Yeah
72.5%
Yeah
72.5%
Yeah
72.5%
Yeah
72.5%
Yeah
72.5%
Yeah
72.5%
Yeah
72.5%
Yeah
72.5%
on
72.5%
on
72.5%
Julian
71%
world
71%
eat
71%
Julian
71%
in
71%
in
71%
in
71%
be
71%
in
71%
will
71%
be
71%
Julian
71%
Julian
71%
In
71%
in
71%
in
71%
% Correct
be
71%
will
71%
be
71%
will
71%
be
71%
gonna
69.6%
when
69.6%
is
69.6%
when
69.6%
is
69.6%
to
69.6%
to
69.6%
me
69.6%
me
69.6%
when
69.6%
When
69.6%
is
69.6%
to
69.6%
to
69.6%
is
69.6%
to
69.6%
to
69.6%
hungry
68.1%
your
68.1%
there
68.1%
your
68.1%
there
68.1%
Lord
68.1%
Lord
68.1%
your
68.1%
Lord
68.1%
there
68.1%
there
68.1%
your
68.1%
there
68.1%
Lord
68.1%
Lord
68.1%
there
68.1%
your
68.1%
there
68.1%
Lord
68.1%
Lord
68.1%
but
66.7%
I've
66.7%
some
66.7%
but
66.7%
I've
66.7%
some
66.7%
I've
66.7%
some
66.7%
always
65.2%
always
65.2%
always
65.2%
fight
65.2%
God
65.2%
knows
65.2%
always
65.2%
always
65.2%
always
65.2%
fight
65.2%
God
65.2%
knows
65.2%
always
65.2%
always
65.2%
fight
65.2%
God
65.2%
knows
65.2%
they're
63.8%
war
63.8%
somewhere
63.8%
****
63.8%
years
63.8%
war
63.8%
somewhere
63.8%
had
63.8%
****
63.8%
years
63.8%
war
63.8%
somewhere
63.8%
had
63.8%
****
63.8%
years
63.8%
just
62.3%
just
62.3%
just
62.3%
that
62.3%
wrong
62.3%
right
62.3%
rough
62.3%
wrong
62.3%
just
62.3%
% Correct
that
62.3%
wrong
62.3%
right
62.3%
rough
62.3%
wrong
62.3%
right
62.3%
rough
62.3%
back
60.9%
though
60.9%
you're
60.9%
keep
60.9%
Keep
60.9%
you're
60.9%
keep
60.9%
keep
60.9%
keep
60.9%
'Cause
59.4%
Keepin'
59.4%
'Cause
59.4%
keeping
59.4%
'Cause
59.4%
keeping
59.4%
son
58%
throw
58%
eyes
58%
dream
58%
of
58%
home
58%
you'll
58%
satisfied
58%
was
58%
you'll
58%
satisfied
58%
gotta
56.5%
gotta
56.5%
trust
56.5%
trust
56.5%
I'll
55.1%
try
55.1%
close
55.1%
sink
53.6%
then
53.6%
morning
53.6%
this
53.6%
this
53.6%
for
53.6%
down
53.6%
knees
53.6%
morning
53.6%
had
53.6%
fangs
52.2%
boy
52.2%
wake
52.2%
wake
52.2%
alone
50.7%
light
50.7%
mind
50.7%
thought
50.7%
told
50.7%
future
50.7%
day
50.7%
mind
50.7%
La
50.7%
La
50.7%
La
50.7%
La
50.7%
La
50.7%
La
50.7%
La
50.7%
La
50.7%
La
50.7%
La
50.7%
La
50.7%
La
50.7%
La
50.7%
sleep
49.3%
now
49.3%
screaming
49.3%
am
49.3%
even
47.8%
guess
47.8%
counts
46.4%
darker
46.4%
probably
44.9%
scares
44.9%
away
42%
song
39.1%
hide
34.8%
spit
33.3%
up
31.9%

You're not logged in!

Compare scores with friends on all Sporcle quizzes.
OR
Log In

You Might Also Like...

Show Comments

Extras

Created Jul 5, 2011ReportNominate
Tags:Lyrics Quiz, Song Quiz, foxy, shazam

Top Quizzes Today


Score Distribution

Your Account Isn't Verified!

In order to create a playlist on Sporcle, you need to verify the email address you used during registration. Go to your Sporcle Settings to finish the process.

Report this User

Report this user for behavior that violates our Community Guidelines.

Details: